000 00609nam a22002057a 4500
001 00028365
005 20260227115539.0
008 260227b ag ||||| |||| 00| 0 spa d
040 _aAR-CcCEOS
_bspa
_cAR-CcCEOS
041 _aspa
080 _a316.3
090 _bPAS v.56
100 _aAntonio Passano
_9672
245 _aSociología del poder /
_cAntonio Passano
264 _aBuenos Aires :
_bCentro Editor de America Latina,
_cc1978.
300 _a85 p. ;
_b19x13 cm.
490 _vColección Biblioteca Total ; 56
942 _2udc
_cBK
_n0
999 _c28390
_d28390